City of lights
Saved in:
| Main Author: | |
|---|---|
| Format: | Book |
| Language: | English |
| Published: |
Oxford :
Oxford University Press,
1989
|
| Series: | Streamline graded readers
|
| Subjects: | |
| Tags: |
Add Tag
No Tags, Be the first to tag this record!
|
MARC
| LEADER | 00000nam a2200000 i 4500 | ||
|---|---|---|---|
| 001 | 1/26758 | ||
| 008 | 941103s1989 eng d | ||
| 020 | |a 0-19-421925-9 | ||
| 035 | |a 1993 |c ΒΙΒΛΙΟΘΗΚΗ |l 10037659 | ||
| 040 | |a GR-MY-UA |b gre |e aacr | ||
| 041 | 0 | |a eng | |
| 082 | 0 | |a 428.64 | |
| 100 | 1 | |a Vicary, Tim. | |
| 245 | 1 | 0 | |a City of lights / |c Tim Vicary |
| 260 | |a Oxford : |b Oxford University Press, |c 1989 | ||
| 300 | |a 32 p.; |c 19 cm. | ||
| 490 | 1 | |a Streamline graded readers | |
| 650 | 0 | 0 | |a English language |v Textbooks for foreign speakers. |
| 650 | 0 | 0 | |a English language |x Readers. |
| 830 | 0 | |a Streamline graded readers | |
| 852 | |a INST |b SAMOS |e 19941103 |h 428.64 VIC |p 005300002522 |q 005300002522 |t BK |y 0 | ||
| 909 | |a Σ |b 030792 | ||